000 03259cam a2200301 4500500
005 20260111150245.0
041 _afre
042 _adc
100 1 0 _aZukin, Sharon
_eauthor
245 0 0 _aRestaurants as “Post Racial” Spaces. Soul Food and Symbolic Eviction in Bedford‑Stuyvesant (Brooklyn)
260 _c2014.
500 _a75
520 _aPendant de nombreuses années, la prédominance de restaurants bon marché et de restaurants servant les plats traditionnels du Sud rural, dont beaucoup des migrants afro‑américains étaient originaires, incarnait l’icône du ghetto américain. Les restaurants proposant de la Soul Food offraient un espace social où se pouvait se développer et se mettre en scène une identité « noire », et où, bien qu’ils ne soient propriétaires ni des bâtiments ni des magasins, ceux‑ci pouvaient y jouir d’un sentiment de « propriété morale ». Toutefois, depuis quelques années, un mouvement de migration transnationale et de gentrification à Bedford‑ Stuyvesant, un quartier noir à Brooklyn, contribue à la diversification locale des restaurants, ce qui pose un défi à l’identité afro‑ américaine.
520 _aFor many years the “iconic” American ghetto was marked by the predominance of low‑price restaurants and soul food restaurants serving traditional dishes of the rural South from which many African American migrants came. Soul food restaurants offered a comfortable social space for developing and performing a “black” identity, and a source of a feeling of “moral ownership” despite the lack of African Americans’ legal ownership of most buildings and stores. In recent years, however, increased transnational migration and gentrification in Bedford‑Stuyvesant, a Brooklyn black neighbourhood, have expanded the local market for different kinds of restaurants, which challenges traditional African-American identity.
520 _aViele Jahre lang galten die billigen Restaurants, die traditionelle Gerichte des ländlichen Südens servierten, Gerichte also aus Gegenden aus denen viele afro‑amerikanische Einwanderer stammten, als Ikone des amerikanischen Ghettos. Die Restaurants boten sogenanntes Soul food an und schufen zugleich einen Raum in dem sich die „schwarze“Identität entwickeln und in Szene setzen konnte. Wenngleich die Menschen weder Besitzer der Gebäude oder Geschäfte waren, so bildeten sie doch die „moralische Instanz“. Seit einigen Jahren kann man allerdings z.B. im Brooklyner Viertel Bedford‑Stuyvesant eine neue Herausforderungen für die afro‑amerikanische Identität beobachten: Nämlich die Etablierung einer transnationalen Migrationsbewegung und damit einhergehend die Diversifizierung der lokalen Restaurants.
690 _aespace post‑racial
690 _agentrification
690 _aghetto
690 _arestaurant
690 _asoul food
690 _agentrification
690 _aghetto
690 _apost‑racial space
690 _arestaurant
690 _asoul food
786 0 _nEthnologie française | 44 | 1 | 2014-02-01 | p. 135-147 | 0046-2616
856 4 1 _uhttps://shs.cairn.info/journal-ethnologie-francaise-2014-1-page-135?lang=en&redirect-ssocas=7080
999 _c1637322
_d1637322